000 00721nam a2200217 a 4500
001 BRCA_5740
005 20190320205211.0
008 040311m19341936nyu#######---i000-0#eng-#
041 _aeng
044 _anyu
050 4 _aHG255
_b.E26 1934
245 1 0 _aEconomic Forum
_bEconomic Forum Inc.
260 _aNueva York
_bEconomic Forum Inc.
_c1934-1936
300 _a7 v.
_c23 cm.
500 _aH57
505 0 _aContenido: v.1. Spring 1934. -- v.2 y 3 Sept.-Oct. 1934. -- v.4. Summer 1935. -- v.5. Winter 1935. -- v.6. Spring 1935. -- v.7. Winter 1936
650 1 4 _aEstándares internacionales
_vPublicaciones periódicas
_914562
650 1 4 _aEconomía mundial
_zNueva York
_914563
902 _aGFM
942 _2lcc
_cB
999 _c5430
_d5430